000 00937nam a2200241 i 4500
001 53470
003 ES-MaACL
005 20250927105642.0
007 t|
008 950928s1855 fr ||||1| fre d
040 _aCAM
_bspa
_cCAM
245 0 4 _aLes Evangiles des Quenouilles
_b: nouvelle édition revue sur les éditions anciennes et les manuscrits, avec préface, glossaire et table analytique /
_c[Fouquart de Cambray, Antoine du Val et Jean d'Arras] ; avec préface, glossaire et table analytique par [P.J.].
260 _aParis :
_bP. Jannet,
_c1855.
300 _aXVI, 168 p. ;
_c17 cm.
490 1 _aBibliothèque Elzévirienne
700 0 _aJean d'Arras.
_966233
700 1 _aDu Val, Antoine (
_d1520-1600)
_9165095
700 1 _aFouquart de Cambray.
_9165096
700 1 _aJannet, Pierre,
_d1820-1870
_9128271
830 0 _aBibliothèque Elzévirienne
_9180979
852 _aES-MaACL
_jG-2370
999 _c53470
_d53470